Science Quiz

Random Science or Color Quiz

Wildlife Rainbow Quiz Stats

 Plays Quiz Updated Oct 3, 2018

Challenge
Share
Tweet
Score 0/24 Timer 03:00
3 Plays Today
% Correct
Tiger
94.4%
Ocellaris Clownfish
92%
Scarlet Macaw
91.9%
Ruby Octopus
91.4%
Bumblebee
89%
Red-Eyed Tree Frog
89%
Golden Apple Snail
88.4%
Broad-tailed Hummingbird
87.1%
Praying Mantis
82.2%
Ambilobe Panther Chameleon
76.2%
Greenbottle Blue Tarantula
75.6%
Blue Jay
74.9%
% Correct
Fire Shrimp
68.7%
Yellow Leopard Gecko
63%
Red Ruffed Lemur
61%
Blue Crayfish
50.9%
Dwarf Lionfish
49.7%
Azure Kingfisher
45%
American Goldfinch
44.9%
Jewel Anemone
40.3%
Purple Sea Slug
39.3%
Scarlet Ibis
37.8%
Betta
37.6%
Purple Hippo Tang
28.9%

You're not logged in!

Compare scores with friends on all Sporcle quizzes.
OR
Log In

You Might Also Like...

Show Comments

Extras

Top Quizzes Today


Score Distribution

Your Account Isn't Verified!

In order to create a playlist on Sporcle, you need to verify the email address you used during registration. Go to your Sporcle Settings to finish the process.

Report this User

Report this user for behavior that violates our Community Guidelines.

Details: